ইসলামি শিল্প ও স্থাপত্য / (Record no. 7278)
[ view plain ]
| 000 -LEADER | |
|---|---|
| fixed length control field | 00771nam a2200217 a 4500 |
| 001 - CONTROL NUMBER | |
| JCCL Control Number | 7278 |
| 003 - CONTROL NUMBER IDENTIFIER | |
| JCCL marc code | BD-JhCC |
| 005 - DATE AND TIME OF LATEST TRANSACTION | |
| control field | 20180207123522.0 |
| 008 - FIXED-LENGTH DATA ELEMENTS--GENERAL INFORMATION | |
| fixed length control field | 180128s1978 bg a|||| ||a| 000 0 ben d |
| 035 ## - SYSTEM CONTROL NUMBER | |
| system control number | (BD-JhCC)7278 |
| 040 ## - CATALOGING SOURCE | |
| Original cataloging agency | BD-JhCC |
| Modifying agency | BD-JhCC |
| 041 ## - LANGUAGE CODE | |
| Language code of Book | ben |
| 082 ## - DEWEY DECIMAL CLASSIFICATION NUMBER | |
| Classification number | 297.65 |
| Author mark and Year | KUH 1978 |
| 100 ## - MAIN ENTRY--PERSONAL NAME | |
| Personal name | এ্যর্নস্ট কুইহনেল |
| 245 ## - TITLE STATEMENT | |
| Title | ইসলামি শিল্প ও স্থাপত্য / |
| Statement of responsibility, etc | কুইহনেল, এ্যর্নস্ট ; মোসলেম আলী বিশ্বাস (বঙ্গানুবাদ) |
| 260 ## - PUBLICATION, DISTRIBUTION, ETC. (IMPRINT) | |
| Place of publication, distribution, etc | চট্টগ্রাম : |
| Name of publisher, distributor, etc | বই ঘর, |
| Date of publication, distribution, etc | 1978. |
| 300 ## - PHYSICAL DESCRIPTION | |
| Pagination | 184 p. : |
| Dimensions | 22 cm. |
| 650 ## - SUBJECT ADDED ENTRY--TOPICAL TERM | |
| Topical term or geographic name as entry element | Architecture |
| General subdivision | Islam |
| 942 ## - ADDED ENTRY ELEMENTS (KOHA) | |
| Source of classification or shelving scheme | Dewey Decimal Classification |
| Koha item type | Books |
| Source of classification or shelving scheme | Damaged status | Not for loan | Home library | Current library | Shelving location | Date of accession | Cost, normal purchase price | Total Checkouts | Full call number | Barcode | Date last seen | Copy number | Koha item type |
|---|---|---|---|---|---|---|---|---|---|---|---|---|---|
| Dewey Decimal Classification | JCC Rouf Library | JCC Rouf Library | General Stacks | 02/07/2018 | 40.00 | 297.65 KUH 1978 | 9837 | 02/07/2018 | C-1 | Books |